CO PRZYDAJE SIĘ NA BIWAKU? - Statystyki

Ogólne statystyki
  • Ten quiz został rozwiązany 50 razy
  • Średni wynik to 3 z 6
Statystyki odpowiedzi
Odpowiedź % Poprawnych
NAMIOT
95%
ŚPIWÓR
70%
LATARKA
60%
PLECAK
28%
KONSERWY
10%
KUCHENKA TURYSTYCZNA
8%
Nie znaleziono quizów pasujących do podanych kryteriów
Rozkład punktacji
Procent ludzi z każdym wynikiem
Percentyl według liczby udzielonych odpowiedzi
Twoja historia wyników
Nie rozwiązałeś tego quizu